00498nam a2200157Ia 4500008004100000020001400041040000800055050001500063245008400078260004600162300001800208504004100226650003300267700002300300999001700323100607 1979xxua e | 001 0|eng|d a683035770 aDLC aRC 489.B53 0aBiofeedback:bPrinciples and Practice for Clinicians /ced by John V. Basmajian aBaltimore:bThe Williams & Wilkuinsc1979 ax, 282p.:ill. aIncludes bibliographical references. aInternal medicine;Psychology aBasmajian, John V. c62282d62282